[Event "CHI-ch"]
[Site "Vina del Mar"]
[Date "1997.??.??"]
[Round "7"]
[White "Egger, Jorge"]
[Black "Farias, Luis"]
[Result "1-0"]
[WhiteElo "2410"]
[BlackElo "2215"]

1.e4 c5 2.Nf3 Nc6 3.d4 cxd4 4.Nxd4 Qb6 5.Nb3 Nf6 6.Nc3 e6 7.Bd3 a6 8.O-O Be7
9.a4 Qc7 10.f4 d6 11.Qf3 O-O 12.a5 Nd7 13.Be3 b5 14.axb6 Nxb6 15.Qh5 g6 16.Qh6 f5
17.Kh1 Rf7 18.g4 Bf8 19.Qh4 fxe4 20.Nxe4 Nd5 21.Bd2 Bb7 22.Ng5 Be7 23.Qh6 Bxg5
24.Qxg5 Ncb4 25.Be4 Nf6 26.Bf3 Bxf3+ 27.Rxf3 Ne4 28.Qa5 Nxd2 29.Qxc7 Rxc7
30.Nxd2 Rxc2 31.Ne4 d5 32.Ng5 d4 33.Nxe6 d3 34.Rd1 Rxb2 35.f5 Re8 36.Re3 Re2
37.Rdxd3 Rxe3 38.Rxe3 Nd5 39.Re5 Nf6 40.g5 Nd7 41.Ra5 gxf5 42.Rxa6 Ne5 43.Kg2 Ng6
44.Nd4 Re4 45.Ra8+ Kf7 46.Ra7+ Re7 47.Ra6 f4 48.Kf3 Rd7 49.Ke4 Re7+ 50.Kf5 Re5+
51.Kg4 Re7 52.Nf3 Kg7 53.h4 Ne5+ 54.Nxe5 Rxe5 55.Kxf4 Re7 56.h5 Rb7 57.h6+ Kg8  1-0

[Event "Zadar op (Women)"]
[Site "Zadar"]
[Date "1997.??.??"]
[Round "4"]
[White "Sulc, Gordana"]
[Black "Velcheva, Maria"]
[Result "0-1"]
[WhiteElo "2020"]
[BlackElo "2270"]

1.e4 c5 2.Nf3 Nc6 3.d4 cxd4 4.Nxd4 Qc7 5.Nc3 e6 6.Be2 Nf6 7.f4 d6 8.Be3 Be7
9.O-O O-O 10.Ndb5 Qb8 11.a4 Rd8 12.Bf3 Nb4 13.Qe2 a6 14.Nd4 e5 15.Nb3 Be6
16.Rfc1 Qc7 17.f5 Bc4 18.Qf2 Bxb3 19.cxb3 Nd3 20.Bb6 Qd7 21.Qc2 Nxc1 22.Bxd8 Nxb3
23.Qxb3 Bxd8 24.Rd1 Qc6 25.g4 h6 26.Kg2 Bb6 27.h4 Qc5 28.Ne2 d5 29.Ng3 Rc8
30.Kh3 d4 31.g5 hxg5 32.hxg5 Nd7 33.g6 Qc4 34.Qxc4 Rxc4 35.gxf7+ Kxf7 36.b3 Rc3
37.Be2 Nc5 38.Bc4+ Kf8 39.Bd5 Bd8 40.Kg4 Nxb3 41.Bxb7 Nc5 42.Bc6 Nd3 43.Rd2 Nb4
44.Bd7 Ke7 45.Be6 Kd6 46.Ne2 Rc2 47.Rxc2 Nxc2 48.Bc4  0-1

[Event "CRO-ch (Women)"]
[Site "Pula"]
[Date "1998.01.11"]
[Round "2"]
[White "Paraminski, Albina"]
[Black "Puljek Salai, Zorica"]
[Result "0-1"]
[WhiteElo "2175"]
[BlackElo "2195"]

1.e4 c5 2.Nf3 Nc6 3.d4 cxd4 4.Nxd4 Qb6 5.Nb3 Nf6 6.Nc3 e6 7.Be3 Qc7 8.f3 a6
9.Qd2 b5 10.Be2 d6 11.O-O Ne5 12.Nd4 Nc4 13.Bxc4 bxc4 14.a4 Rb8 15.Rab1 Be7
16.Rfc1 O-O 17.b4 d5 18.exd5 Bxb4 19.dxe6 fxe6 20.Rxb4 Rxb4 21.Ncb5 c3 22.Qxc3 Qxc3
23.Nxc3 Rc4 24.Nce2 Rxa4 25.c4 Bd7 26.c5 e5 27.Nb3 Ra3 28.Rb1 Rb8 29.Nec1 Nd5
30.Bf2 Ba4 31.c6 Rbxb3 32.Nxb3 Rxb3 33.Rc1 Bxc6 34.Bg3 Nb4 35.Bxe5 Nd3  0-1

[Event "Excelsior Cup"]
[Site "Gothenburg"]
[Date "1998.01.14"]
[Round "8"]
[White "Hartman, Christer"]
[Black "Rytshagov, Mikhail"]
[Result "0-1"]
[WhiteElo "2320"]
[BlackElo "2525"]

1.e4 c5 2.Nf3 Nc6 3.d4 cxd4 4.Nxd4 Qc7 5.Nc3 e6 6.Be3 a6 7.Bd3 Nf6 8.O-O Ne5
9.h3 Bc5 10.Kh1 d6 11.f4 Ng6 12.Qe2 O-O 13.Nb3 Bxe3 14.Qxe3 b5 15.Rae1 Bb7
16.Kh2 Rae8 17.g4 e5 18.f5 Nf4 19.g5 N6h5 20.a4 b4 21.Na2 a5 22.Bb5 Rc8 23.c4 f6
24.c5 dxc5 25.Rc1 fxg5 26.Nxc5 Qb6 27.Qb3+ Kh8 28.Nxb7 Qxb7 29.Qe3 Nf6 30.Rxc8 Rxc8
31.Rc1 Rd8 32.Rc6 Qf7 33.Nc1 Qh5 34.Be2 Nxe2 35.Qxe2 Qxe2+ 36.Nxe2 Rd2 37.Rc8+ Ng8
38.Ra8 Rxe2+ 39.Kg3 Rxe4 40.Rxa5 Re2  0-1

[Event "ISR-chT"]
[Site "Israel"]
[Date "1998.01.17"]
[Round "?"]
[White "Murrey, Jacob"]
[Black "Tsesarsky, Ilya"]
[Result "1-0"]
[WhiteElo "2420"]
[BlackElo "2425"]

1.e4 c5 2.Nf3 Nc6 3.d4 cxd4 4.Nxd4 Qc7 5.Nb5 Qb8 6.c4 Nf6 7.Nd2 e6 8.Bd3 a6
9.Nc3 b6 10.O-O Be7 11.f4 d6 12.Nf3 Nd7 13.Be3 Nc5 14.Be2 O-O 15.Rb1 Bf6
16.b4 Bxc3 17.bxc5 dxc5 18.Bxc5 Rd8 19.Qc1 Ba5 20.e5 bxc5 21.Rxb8 Rxb8 22.Rd1 Rxd1+
23.Qxd1 Bc7 24.Bd3 g6 25.h4 Rb2 26.Be4 Na5 27.h5 Rb4 28.Ng5 Rxc4 29.Nxh7 Kxh7
30.hxg6+ fxg6 31.Qh5+ Kg7 32.Bxg6  1-0

[Event "Szeged TT01 IM"]
[Site "Szeged"]
[Date "1998.01.21"]
[Round "7"]
[White "Farkas, Tibor"]
[Black "Papp Z, Csaba"]
[Result "1-0"]
[WhiteElo "2340"]
[BlackElo "2350"]

1.e4 c5 2.Nf3 Nc6 3.d4 cxd4 4.Nxd4 Qb6 5.Nb3 Nf6 6.Nc3 e6 7.Be3 Qc7 8.f4 Bb4
9.Bd3 d5 10.e5 d4 11.Nxd4 Nxd4 12.Bxd4 Nd5 13.O-O Nxc3 14.bxc3 Be7 15.Qf3 O-O
16.Qe3 g6 17.Rae1 Bd7 18.f5 exf5 19.Bxf5 Bxf5 20.Rxf5 gxf5 21.Qg3+ Kh8 22.e6+ f6
23.Qxc7  1-0

[Event "Calcutta Goodricke op"]
[Site "Calcutta"]
[Date "1998.02.08"]
[Round "3"]
[White "Berelovich, Aleksandar"]
[Black "Reefat bin Satter"]
[Result "1-0"]
[WhiteElo "2515"]
[BlackElo "2350"]

1.e4 c5 2.Nf3 Nc6 3.d4 cxd4 4.Nxd4 Qc7 5.Nc3 e6 6.Be2 a6 7.f4 b5 8.Nxc6 Qxc6
9.Bf3 Bb7 10.Be3 Bb4 11.Bd4 Nf6 12.O-O Bxc3 13.Bxc3 Nxe4 14.Bxg7 Rg8 15.Bd4 f5
16.c3 d6 17.Re1 Kd7 18.Bxe4 fxe4 19.Be3 Raf8 20.Re2 Rf5 21.Rd2 Rd5 22.Rxd5 Qxd5
23.Qe1 h5 24.b3 Qf5 25.Rc1 Qg4 26.Qd2 h4 27.Rd1 Ke8 28.c4 bxc4  1-0

[Event "CZE-chT 9798"]
[Site "CZE"]
[Date "1998.02.08"]
[Round "7"]
[White "Votava, Jan"]
[Black "Oral, Tomas"]
[Result "1-0"]
[WhiteElo "2505"]
[BlackElo "2455"]

1.e4 c5 2.Nf3 Nc6 3.d4 cxd4 4.Nxd4 Qc7 5.Be3 e6 6.c4 Nf6 7.Nc3 a6 8.Rc1 Bb4
9.Nxc6 Qxc6 10.e5 Ne4 11.Qg4 g6 12.Bd3 Nxc3 13.bxc3 Bf8 14.Qd4 Bg7 15.Be4 Qc7
16.f4 O-O 17.c5 f6 18.Qd6 Qb8 19.O-O fxe5 20.fxe5 Rxf1+ 21.Rxf1 Qxd6 22.exd6 Bxc3
23.a4 Rb8 24.Bh6 Bd4+ 25.Kh1 Bg7 26.Bxg7 Kxg7 27.a5 b5 28.axb6 Bb7 29.Bxb7 Rxb7
30.Ra1 Rb8 31.Rxa6 Rc8 32.Ra5 Kf6 33.Kg1 e5 34.b7 Rb8 35.c6  1-0

[Event "Beersheba-St Petersburg"]
[Site "Beersheba"]
[Date "1998.03.07"]
[Round "5"]
[White "Yemelin, Vasily"]
[Black "Golod, Vitali"]
[Result "1/2-1/2"]
[WhiteElo "2485"]
[BlackElo "2535"]

1.e4 c5 2.Nf3 Nc6 3.d4 cxd4 4.Nxd4 Qb6 5.Nb5 Nf6 6.Be3 Qd8 7.N1c3 a6 8.Nd4 e6
9.Bd3 Qc7 10.O-O Be7 11.Kh1 O-O 12.f4 d6 13.Qf3 Nb4 14.Be2 e5 15.fxe5 dxe5
16.Qg3 Ne8 17.Nf3 Be6 18.Rfc1 Nf6 19.Nxe5 Bd6 20.Bf4 Nxa2 21.Nxa2 Nxe4 22.Qe3 Bxe5
23.Bxe5 Qxe5 24.Nc3 f5 25.Re1 Rae8 26.Bf3 Bf7 27.Nxe4 fxe4 28.Qxe4 Qxb2 29.Qxb7 Qc3
30.Red1 a5 31.Bd5 Qxc2 32.Rf1 Bxd5 33.Qxd5+ Kh8 34.Rxf8+ Rxf8 35.Qxa5 h6
36.h3 Kh7 37.Qb4 Rf6 38.Re1 Qf2 39.Qe4+ Kh8 40.Ra1  1/2-1/2

[Event "AUT-chT2S 9798"]
[Site "Austria"]
[Date "1998.03.14"]
[Round "10"]
[White "Mazi, Leon"]
[Black "Fogarasi, Tibor"]
[Result "0-1"]
[WhiteElo "2365"]
[BlackElo "2475"]

1.e4 c5 2.Nf3 Nc6 3.d4 cxd4 4.Nxd4 Qc7 5.Nb5 Qb8 6.c4 Nf6 7.N1c3 a6 8.Na3 e6
9.f3 Bd6 10.g3 O-O 11.Be3 Be5 12.c5 d5 13.cxd6 b5 14.f4 Bxd6 15.e5 Bxa3 16.bxa3 Rd8
17.Bd3 Ng4 18.Bxh7+ Kxh7 19.Qxg4 Rd3 20.Bd2 Bb7 21.Qe2 Qd8 22.O-O-O Qd4 23.Kc2 Rd8
24.Rhe1 Na5 25.Nb1 Bf3  0-1

[Event "AUT-chT2S 9798"]
[Site "Austria"]
[Date "1998.03.15"]
[Round "11"]
[White "Manhardt, Thomas"]
[Black "Cigan, Stefan"]
[Result "1/2-1/2"]
[WhiteElo "2175"]
[BlackElo "2380"]

1.e4 c5 2.Nf3 Nc6 3.d4 cxd4 4.Nxd4 Qb6 5.Nb3 Nf6 6.Nc3 e6 7.Be3 Qc7 8.a3 a6
9.Be2 b5 10.O-O d6 11.f4 Be7 12.Kh1 O-O 13.g4 Bb7 14.g5 Nd7 15.Rf3 Rfd8 16.Rh3 Rac8
17.f5 d5 18.fxe6 fxe6 19.Bg4 Nf8 20.exd5 b4 21.Qd3 g6 22.axb4 Ne5 23.Qe2 Bxb4
24.Bd4 Nxg4 25.Qxg4 e5 26.Bf2 Bxc3 27.Rxc3 Qd6 28.Rd1 Rxc3 29.bxc3 Bxd5+
30.Kg1 Qe6 31.Qg3 Re8 32.Nc5 Qf7 33.Nxa6 Ba8 34.Nb4 Ne6 35.Nd5 Bxd5 36.Rxd5 Nd4
37.Rxd4 exd4 38.cxd4 Qd5 39.Qg2 Qxg2+ 40.Kxg2 Rc8 41.Kf3 Rxc2 42.Bg3 Kf7
43.Ke4 Ke7 44.Ke5 Re2+ 45.Kd5 Kd7 46.Be5 Ra2 47.Ke4 Ra5 48.d5 Ra4+ 49.Kf3 Ke8
50.Ke3 Kd7 51.Bd4 Kc7 52.Be5+ Kb6 53.Bd4+ Kc7 54.Be5+  1/2-1/2

[Event "Porto Carras op"]
[Site "Porto Carras"]
[Date "1998.04.11"]
[Round "?"]
[White "Mastrovasilis, Dimitrios"]
[Black "Miladinovic, Igor"]
[Result "0-1"]
[WhiteElo "2280"]
[BlackElo "2565"]

1.e4 c5 2.Nf3 Nc6 3.d4 cxd4 4.Nxd4 Qc7 5.Nc3 e6 6.Be2 a6 7.O-O Nf6 8.Be3 Bb4
9.Na4 Be7 10.c4 Nxe4 11.c5 O-O 12.Rc1 Rb8 13.Bf3 Ng5 14.Be2 f5 15.f4 Ne4
16.Bf3 d5 17.cxd6 Bxd6 18.Bxe4 fxe4 19.Nxc6 bxc6 20.Rc4 e5 21.fxe5 Rxf1+
22.Qxf1 Bxe5 23.Rxe4 Be6 24.Nc5 Bd5 25.Nxa6 Bxh2+ 26.Kh1 Qd6 27.Nxb8 Bxe4
28.Nd7 Bg3 29.Nb6 Qg6 30.Qc4+ Kh8 31.Qc5 h6  0-1

[Event "GRE-chT"]
[Site "Poros"]
[Date "1998.04.21"]
[Round "3"]
[White "Arakhamia, Ketevan"]
[Black "Halkias, Stelios"]
[Result "1/2-1/2"]
[WhiteElo "2440"]
[BlackElo "2425"]

1.e4 c5 2.Nf3 Nc6 3.d4 cxd4 4.Nxd4 Qc7 5.Nc3 e6 6.Be2 a6 7.O-O Nf6 8.Kh1 Bb4
9.Bg5 Qd6 10.Nxc6 Qxd1 11.Nxd1 bxc6 12.e5 Ne4 13.Be3 f6 14.f3 Ng5 15.Nf2 Nf7
16.Nd3 Ba5 17.f4 Bc7 18.Bd4 fxe5 19.fxe5 Rb8 20.c4 Bb6 21.Bc3 c5 22.Rf4 Nh6
23.Bh5+ g6 24.Bf3 Nf5 25.Be4 h5 26.Rf3 Bb7 27.Nf2 Bd8 28.Rd1 Be7 29.Rfd3 Bc8
30.Nh3 Rh7 31.Nf4 Rg7 32.Bxf5 gxf5 33.Nxh5 Rg4 34.Rg3 Rxg3 35.Nxg3 Bb7 36.Nh5 Bc6
37.Rd3 Kf7 38.Rg3 Rh8 39.Nf4 Rh4 40.Bd2 Bd8 41.Rh3 Rxh3 42.Nxh3 Bc7 43.Bf4 a5
44.Kg1 a4 45.Nf2 Ke7 46.g3 Bf3 47.Nd3  1/2-1/2

[Event "GRE-chT"]
[Site "Poros"]
[Date "1998.04.21"]
[Round "3"]
[White "Prentos, Konstantinos"]
[Black "Grivas, Efstratios"]
[Result "0-1"]
[WhiteElo "2265"]
[BlackElo "2495"]

1.e4 c5 2.Nf3 Nc6 3.d4 cxd4 4.Nxd4 Qb6 5.Nb3 Nf6 6.Nc3 e6 7.Bd3 d6 8.O-O a6
9.Kh1 Be7 10.f4 Qc7 11.Qf3 O-O 12.Bd2 b5 13.a3 Rb8 14.Rae1 b4 15.Nd1 bxa3
16.bxa3 d5 17.exd5 Nxd5 18.Ne3 Bxa3 19.Nxd5 exd5 20.Bc3 Qd6 21.Nd4 Bb4 22.Nxc6 Qxc6
23.Bxb4 Rxb4 24.Re5 Qf6 25.Qe3 d4 26.Qe4 g6 27.c4 Rd8 28.Re8+ Kg7 29.Rxd8 Qxd8
30.Qe5+ Qf6 31.Qc5 Rb3 32.Be4 Bb7 33.Bxb7 Rxb7 34.Kg1 Rd7 35.f5 g5 36.Rd1 d3
37.Kf2 Qb2+ 38.Kg3 Qe2 39.f6+ Kg6  0-1

[Event "GRE-chT"]
[Site "Poros"]
[Date "1998.04.21"]
[Round "3"]
[White "Agnos, Demetrios"]
[Black "Miladinovic, Igor"]
[Result "0-1"]
[WhiteElo "2475"]
[BlackElo "2565"]

1.e4 c5 2.Nf3 Nc6 3.d4 cxd4 4.Nxd4 Qc7 5.Nc3 e6 6.Be3 a6 7.Be2 Nf6 8.O-O Bb4
9.Na4 Be7 10.c4 Nxe4 11.c5 O-O 12.Rc1 Rb8 13.g3 Kh8 14.Bf3 f5 15.Bxe4 fxe4
16.Qc2 e5 17.Nb3 d5 18.cxd6 Qxd6 19.Bc5 Qf6 20.Qe2 Bh3 21.Rfe1 Nd4 22.Nxd4 exd4
23.Bxe7 Qxe7 24.Qxe4 Qf7 25.f4 Qxa2 26.Qxd4 Rbd8 27.Qb4 Qd5 28.Rc2 Rfe8 29.Rce2 Re3
30.Nc3 Qf3 31.Qc4 Rd2 32.Qc5 Qg2+  0-1

[Event "GRE-chT"]
[Site "Poros"]
[Date "1998.04.23"]
[Round "5"]
[White "Kotronias, Vasilios"]
[Black "Miladinovic, Igor"]
[Result "1/2-1/2"]
[WhiteElo "2570"]
[BlackElo "2565"]

1.e4 c5 2.Nf3 Nc6 3.d4 cxd4 4.Nxd4 Qc7 5.Nc3 e6 6.Be3 a6 7.Bd3 Nf6 8.O-O h5
9.h3 b5 10.Nxc6 Qxc6 11.a3 Bb7 12.Re1 h4 13.Qf3 Be7 14.Bd4 Kf8 15.b4 Qc7
16.Nb1 Nh5 17.Nd2 Bf6 18.c3 Nf4 19.Bf1 Kg8 20.Rac1 Bc6 21.Bxf6 gxf6 22.c4 Rh5
23.Nb3 Rg5 24.cxb5 axb5 25.Nd4 Qd6 26.Nxc6 dxc6 27.Red1 Qc7 28.e5 fxe5 29.Kh1 Rc8
30.Rc5 Kg7 31.Rdc1 Qa7 32.Qe3 Rf5 33.Bxb5 Nd5 34.Qb3 Rxf2 35.Bxc6 Nf4 36.Qc3 Re2  1/2-1/2

[Event "GRE-chT"]
[Site "Poros"]
[Date "1998.04.25"]
[Round "8"]
[White "Agnos, Demetrios"]
[Black "Halkias, Stelios"]
[Result "1-0"]
[WhiteElo "2475"]
[BlackElo "2425"]

1.e4 c5 2.Nf3 Nc6 3.d4 cxd4 4.Nxd4 Qc7 5.Nc3 e6 6.Be3 a6 7.Be2 Nf6 8.O-O Bb4
9.Na4 Be7 10.c4 Nxe4 11.c5 O-O 12.Rc1 Rb8 13.g3 Nf6 14.Bf3 g6 15.Nb6 Rd8
16.Qa4 e5 17.Nb3 d5 18.cxd6 Rxd6 19.Na5 Bh3 20.Rfe1 Re6 21.Bxc6 bxc6 22.Rxc6 Rxc6
23.Nxc6 Qb7 24.Rc1 Bd8 25.Qh4 Bxb6 26.Bxb6 Nd5 27.Qxh3 Rc8 28.Qxc8+ Qxc8
29.Ne7+ Nxe7 30.Rxc8+ Nxc8 31.Bc5 f5 32.Kf1 Kf7 33.Ke2 Ke6 34.Kd3 Kd5 35.b4 g5
36.f3 h5 37.h3 a5 38.a3 a4 39.Ke3 f4+ 40.gxf4 gxf4+ 41.Kd3 h4 42.Kd2 Kc4
43.Kc2 Kd5 44.Kd3 Ke6 45.Ke4 Nd6+ 46.Bxd6 Kxd6 47.Kf5 Kd5 48.Kg4 Kc4 49.b5 e4
50.b6 e3 51.b7 e2 52.b8=Q e1=Q 53.Qxf4+ Kc5 54.Qc7+ Kb5 55.Qb7+ Ka5 56.Qd5+ Kb6
57.Qd4+ Ka5 58.Kf5 Qb1+ 59.Qe4 Qb2 60.Qe5+ Qxe5+ 61.Kxe5 Kb5 62.f4 Kc4 63.f5 Kb3
64.f6 Kxa3 65.f7 Kb2 66.f8=Q a3 67.Qb4+  1-0

[Event "Zepter op"]
[Site "Minsk"]
[Date "1998.04.29"]
[Round "5"]
[White "Voitsekhovsky, Stanislav"]
[Black "Yegiazarian, Arsen"]
[Result "1-0"]
[WhiteElo "2540"]
[BlackElo "2455"]

1.e4 c5 2.Nf3 Nc6 3.d4 cxd4 4.Nxd4 Qc7 5.Nc3 e6 6.Be2 a6 7.O-O Nf6 8.Be3 Bb4
9.Na4 b5 10.Nxc6 dxc6 11.Bc5 bxa4 12.Bxb4 c5 13.Bc3 Nxe4 14.Bxg7 Rg8 15.Bh6 Bb7
16.f3 Ng3 17.hxg3 Qxg3 18.Rf2 Rd8 19.Qf1 Rg6 20.Be3 Rd5 21.Bxa6 Ba8 22.Rd1 Rh5
23.Qb5+  1-0

[Event "Serbian-ch 29th"]
[Site "Sabac"]
[Date "1998.04.30"]
[Round "11"]
[White "Solak, Dragan"]
[Black "Matulovic, Milan"]
[Result "0-1"]
[WhiteElo "2380"]
[BlackElo "2420"]

1.e4 c5 2.Nf3 Nc6 3.d4 cxd4 4.Nxd4 Qc7 5.Nc3 e6 6.g3 a6 7.Bg2 d6 8.O-O Be7
9.a4 Nf6 10.Nb3 b6 11.f4 Rb8 12.Be3 O-O 13.g4 Re8 14.g5 Nd7 15.Qh5 g6 16.Qh3 Bf8
17.f5 Nde5 18.Rf4 Nb4 19.Nd4 Nc4 20.Rh4 h5 21.gxh6 Nxe3 22.Qxe3 exf5 23.Nxf5 Bxf5
24.Qd4 g5 25.Rh5 Nxc2 26.Qf6 Bg6 27.h7+ Bxh7 28.Rc1 Qc5+ 29.Kh1 Be7 30.Qf3 Bg6
31.Nd5 Nd4 32.Qe3 Bxh5 33.Nxe7+ Rxe7 34.Rxc5 bxc5 35.Qxg5+ Kf8 36.Qxh5 Kg7
37.Qg5+ Kf8 38.Qh6+ Kg8 39.Qxd6 Reb7 40.e5 Rxb2 41.Bd5 Rb1+ 42.Kg2 R1b2+
43.Kh3 R8b6 44.Qxc5 Rh6+ 45.Kg4 Rg6+ 46.Kh3 Ne2 47.Kh4 Nf4 48.h3 Nxd5 49.Qxd5 Rbg2
50.Kh5 Kg7  0-1

[Event "Capablanca mem 33th Premier"]
[Site "Havana"]
[Date "1998.05.09"]
[Round "3"]
[White "Abreu, Arian"]
[Black "Teske, Henrik"]
[Result "1/2-1/2"]
[WhiteElo "2410"]
[BlackElo "2475"]

1.e4 c5 2.Nf3 Nc6 3.d4 cxd4 4.Nxd4 Qc7 5.Nb5 Qb8 6.c4 Nf6 7.N5c3 e6 8.Be3 b6
9.Nd2 Bc5 10.Bg5 Bb7 11.Rc1 O-O 12.Be2 Rd8 13.O-O Be7 14.Be3 d5 15.cxd5 exd5
16.exd5 Nb4 17.Qb3 Nbxd5 18.Nxd5 Bxd5 19.Qa4 a6 20.Bf3 Qb7 21.Rfd1 Bxf3 22.Nxf3 b5
23.Qf4 Rac8 24.Rxd8+ Rxd8 25.Nd4 Qd5 26.a3 Bc5 27.g3 h6 28.Nc6 Qxc6 29.Bxc5 Qe6
30.Bd4 Ne4 31.Qe3 Qd5 32.Bb6 Rd6 33.Bc7 Re6 34.Qf3 Kh7 35.Bf4 Qf5 36.Kg2 Rf6
37.Qe2 Qd5 38.Rd1 Qc6 39.Qd3 g6 40.Kg1 Ng5 41.Bxg5 hxg5 42.Qd5  1/2-1/2

[Event "Capablanca mem 33th Premier"]
[Site "Havana"]
[Date "1998.05.20"]
[Round "12"]
[White "Perez, Rodney"]
[Black "Teske, Henrik"]
[Result "0-1"]
[WhiteElo "2395"]
[BlackElo "2475"]

1.e4 c5 2.Nf3 Nc6 3.d4 cxd4 4.Nxd4 Qc7 5.Nc3 e6 6.Be2 a6 7.O-O Nf6 8.Be3 Bb4
9.Na4 O-O 10.c4 Bd6 11.f4 Nxe4 12.Nxc6 bxc6 13.c5 Be7 14.Qc2 f5 15.Nb6 Rb8
16.Rad1 Rd8 17.b4 a5 18.bxa5 Qa7 19.Bf3 Qxa5 20.Bxe4 fxe4 21.Nxc8 Rbxc8 22.Rc1 Ra8
23.Qxe4 Qxa2 24.Rcd1 Qa3 25.f5 Bxc5 26.Rd3 Qb4 27.Qe5 Bxe3+ 28.Rxe3 Ra5 29.Qc7 Rf8
30.Qxd7 exf5 31.Rg3 Qc5+ 32.Kh1 g6 33.Qe6+ Kg7 34.Rd3 Ra7 35.Rfd1 Re7 36.Rd7 Rff7
37.Rxe7 Rxe7 38.Qb3 Qe3 39.Qb4 c5 40.Qa5 c4 41.h3  0-1

[Event "Szeged TT05 IM"]
[Site "Szeged"]
[Date "1998.05.21"]
[Round "1"]
[White "Papp, Laszlo"]
[Black "Papp Z, Csaba"]
[Result "0-1"]
[WhiteElo "2225"]
[BlackElo "2350"]

1.e4 c5 2.Nf3 Nc6 3.d4 cxd4 4.Nxd4 Qb6 5.Nb5 Nf6 6.Be3 Qd8 7.N1c3 a6 8.Nd4 e5
9.Nb3 Bb4 10.Bc4 b5 11.Bd5 Nxd5 12.Qxd5 O-O 13.O-O Qc7 14.Rad1 d6 15.Qd3 Ne7
16.Bg5 Bxc3 17.Bxe7 Qxe7 18.Qxc3 Be6 19.Qb4 Rac8 20.c3 Rfd8 21.Qa3 Qc7 22.Rd2 Qc6
23.Rfd1 d5 24.Na5 Qa8 25.exd5 Rxd5 26.Rxd5 Bxd5 27.f3 e4 28.Qd6 Rd8 29.Qb6 exf3
30.gxf3 Re8 31.Nb3 Bxf3 32.Rd2 Qc8 33.Qf2 Ba8 34.Qg3 Qc6 35.Kf2 Qe4 36.Qg5 Qe1+  0-1

[Event "Clichy"]
[Site "Clichy"]
[Date "1998.05.22"]
[Round "7"]
[White "Geenen, Marc"]
[Black "Lukov, Valentin"]
[Result "0-1"]
[WhiteElo "2325"]
[BlackElo "2470"]

1.e4 c5 2.Nf3 Nc6 3.d4 cxd4 4.Nxd4 Qc7 5.Nc3 e6 6.Be2 a6 7.O-O Be7 8.Be3 d6
9.f4 Nf6 10.Qe1 O-O 11.Qg3 Nxd4 12.Bxd4 b5 13.a3 Bb7 14.Bd3 Rad8 15.Qh3 e5
16.Be3 Qc8 17.f5 d5 18.exd5 Nxd5 19.Nxd5 Bxd5 20.Qg4 Bf6 21.a4 e4 22.Be2 Qxc2
23.axb5 axb5 24.Bxb5 Qb3 25.Qe2 Rb8 26.Ba4 Qxb2 27.Qxb2 Rxb2 28.Rad1 Bc4
29.Rf2 Bd3 30.Bc6 Rfb8 31.g4 h6 32.Kg2 Be2 33.Rd2 Rxd2 34.Bxd2 Bf3+ 35.Kg3 Bd4
36.Rxf3 exf3 37.Kxf3 Be5 38.h4 Rb2 39.Be3 Rh2 40.h5 Rh3+ 41.Ke4 Bf6 42.Bb5 Bg5
43.Bc5 Rc3 44.Bd6 Re3+ 45.Kd4 Re1 46.Bd3 Be7 47.Bf4 Kf8 48.Bc4 Ke8 49.Bd5 Bf6+
50.Kc5 Be5 51.Bd2 Rd1 52.Be3 Rd3 53.Bc6+ Ke7 54.Bf2 f6 55.Kc4 Rd2 56.Be3 Rc2+
57.Kd5 Rg2 58.Bc5+ Kd8 59.Ke6 Rxg4 60.Be7+ Kc7 61.Be8 Re4 62.Bf8 Bd6+ 63.Kf7 Bxf8
64.Kxf8 Kd6 65.Bg6 Re7 66.Kg8 Ra7 67.Kf8 Rb7 68.Kg8 Ke7 69.Kxg7 Rb5 70.Kxh6 Kf8
71.Kh7 Rb7+ 72.Kh8 Rb5 73.h6 Rb4 74.h7 Rf4 75.Bf7 Rxf5 76.Be6 Rg5 77.Bd7 Ke7
78.Bc8 Rc5 79.Bg4 Kf8 80.Be6 Rb5 81.Bg4 Rb8 82.Be6 f5 83.Bd5 f4  0-1

[Event "Mem Day Classic"]
[Site "Los Angeles"]
[Date "1998.05.25"]
[Round "6"]
[White "Brooks, Michael A"]
[Black "Peters, John A"]
[Result "1/2-1/2"]
[WhiteElo "2505"]
[BlackElo "2470"]

1.e4 c5 2.Nf3 Nc6 3.d4 cxd4 4.Nxd4 Qb6 5.Nb3 Nf6 6.Nc3 e6 7.Bd3 a6 8.Bf4 d6
9.O-O Be7 10.Na4 Qb4 11.Nc3 Qb6 12.Na4 Qc7 13.c4 Ne5 14.Rc1 Bd7 15.Nc3 Rc8
16.Be2 Qb8 17.Nd2 O-O 18.Qb3 Bc6 19.Bg3 g5 20.f4 gxf4 21.Bxf4 Kh8 22.Bg5 Ng8
23.Be3 Nf6 24.Bg5 Ng8 25.Be3 Bf6 26.Kh1 Bg7 27.Bg5 h6 28.Be3 Nf6 29.Rf4 Ng6
30.Rf2 Nd7 31.Rcf1 Nde5 32.Bb6 Kg8  1/2-1/2

[Event "Voronezh op"]
[Site "Voronezh"]
[Date "1998.06.13"]
[Round "2"]
[White "Semenova, Irina"]
[Black "Pogorelov, Ruslan"]
[Result "0-1"]
[WhiteElo "2270"]
[BlackElo "2465"]

1.e4 c5 2.Nf3 Nc6 3.d4 cxd4 4.Nxd4 Qc7 5.Nc3 e6 6.Be3 a6 7.Be2 Nf6 8.O-O Bb4
9.Na4 O-O 10.Nxc6 bxc6 11.Nb6 Rb8 12.Nxc8 Rfxc8 13.Bxa6 Rf8 14.Bd3 Bd6 15.g3 Be5
16.c3 Rxb2 17.Bc1 Rb7 18.Qc2 d5 19.exd5 cxd5 20.Bd2 h5 21.Rab1 Rxb1 22.Rxb1 h4
23.Rb4 hxg3 24.hxg3 Rc8 25.Be1 Nd7 26.Ba6 Ra8 27.Bb5 Nc5 28.a4 g6 29.Qe2 Kg7
30.Rh4 Bf6 31.Rb4 Rh8 32.Qe3 Rh5 33.Bd2 Ne4 34.Rxe4 dxe4 35.Be2 Rh8 36.c4 Qe5
37.Bf1 Qh5 38.Bg2 Qd1+ 39.Bf1 Qxa4 40.Qxe4 Qa1 41.Be3 Qe5 42.Qxe5 Bxe5 43.c5 Rd8
44.c6 Bc7 45.Kg2 e5 46.Ba6 f5 47.Bg5 Ra8 48.Bc4 Ra4 49.Be6 Ra6 50.Bd7 Ra2
51.Be3 Kf6 52.Bc5 Rc2 53.Be3 g5 54.Ba7 e4 55.Bd4+ Be5 56.Bb6 f4 57.gxf4 gxf4
58.Kh3 e3 59.fxe3 fxe3 60.Kg4 e2 61.Bd8+ Kg7 62.Ba5 Bc3  0-1

[Event "Budapest FS06 GM"]
[Site "Budapest"]
[Date "1998.06.16"]
[Round "11"]
[White "Hatanbaatar, Bazar"]
[Black "Oral, Tomas"]
[Result "0-1"]
[WhiteElo "2445"]
[BlackElo "2455"]

1.e4 c5 2.Nf3 Nc6 3.d4 cxd4 4.Nxd4 Qc7 5.Nc3 e6 6.Be2 a6 7.O-O Nf6 8.Be3 Be7
9.f4 d6 10.Kh1 O-O 11.a4 Re8 12.Bf3 Na5 13.Nb3 Nc4 14.Bc1 Nd7 15.Qd3 b6 16.e5 Rb8
17.exd6 Nxd6 18.Nd4 Nc5 19.Qe2 Ncb7 20.Be3 Bf6 21.Rad1 Rd8 22.Bxb7 Qxb7 23.Bg1 g6
24.Nf3 Bxc3 25.bxc3 Qe4 26.Qd3 Qxa4 27.Ne5 Bb7  0-1

[Event "Budapest FS06 GM"]
[Site "Budapest"]
[Date "1998.06.18"]
[Round "13"]
[White "Turzo, Attila"]
[Black "Oral, Tomas"]
[Result "1/2-1/2"]
[WhiteElo "2415"]
[BlackElo "2455"]

1.e4 c5 2.Nf3 Nc6 3.d4 cxd4 4.Nxd4 Qc7 5.Nb5 Qb8 6.c4 e6 7.Be2 Nf6 8.N5c3 Bd6
9.h3 b6 10.O-O Bb7 11.Be3 O-O 12.f4 e5 13.f5 Nd4 14.Bd3 Bc5 15.Bf2 Qd6 16.Nd5 Nxd5
17.cxd5 b5 18.Nc3 a6  1/2-1/2

[Event "White Nights op"]
[Site "St Petersburg"]
[Date "1998.06.25"]
[Round "6"]
[White "Zaitsev, Vadim"]
[Black "Terekhov, Andrey"]
[Result "1/2-1/2"]
[WhiteElo "2425"]
[BlackElo "2300"]

1.e4 c5 2.Nf3 Nc6 3.d4 cxd4 4.Nxd4 Qc7 5.Nc3 e6 6.Be3 Nf6 7.Bd3 a6 8.O-O Bd6
9.Nxc6 bxc6 10.f4 e5 11.Qf3 exf4 12.Bxf4 Bxf4 13.Qxf4 Qxf4 14.Rxf4 d6 15.Bc4 Rf8
16.Raf1 Ke7 17.Nd1  1/2-1/2

[Event "Szeged TT06 IM"]
[Site "Szeged"]
[Date "1998.06.25"]
[Round "8"]
[White "Dovzik, Juri"]
[Black "Flumbort, Andras"]
[Result "1/2-1/2"]
[WhiteElo "2375"]
[BlackElo "2225"]

1.e4 c5 2.Nf3 Nc6 3.d4 cxd4 4.Nxd4 Qc7 5.Nc3 e6 6.g3 a6 7.Bg2 Nf6 8.O-O d6
9.Re1 Bd7 10.Bg5 Be7 11.Nxc6 Bxc6 12.Nd5 Nxd5 13.exd5 Bxg5 14.dxc6 bxc6 15.Qh5 Be7
16.Rxe6 O-O  1/2-1/2

[Event "Politiken Cup"]
[Site "Copenhagen"]
[Date "1998.07.08"]
[Round "5"]
[White "Christensen, Stefan"]
[Black "Hjelm, Niclas"]
[Result "1/2-1/2"]
[WhiteElo "2220"]
[BlackElo "2315"]

1.e4 c5 2.Nf3 Nc6 3.d4 cxd4 4.Nxd4 Qc7 5.Nc3 e6 6.Be2 a6 7.f4 b5 8.Nxc6 Qxc6
9.Bf3 Bb7 10.Be3 Rc8 11.O-O Bc5 12.Qe1 d6 13.Kh1 Qb6 14.Bxc5 Qxc5 15.Qg3 g6
16.f5 Qe5 17.fxe6 fxe6 18.Qf2 Nf6 19.Qa7 Bc6 20.Qxa6 O-O 21.Rae1 Qc5 22.e5 dxe5
23.Bxc6 Rxc6 24.Qxb5 Qxb5 25.Nxb5 Rxc2 26.Rb1 Kg7 27.Na3 Rd2 28.Nc4 Rc2 29.Nxe5 Rd8
30.Nf3 Rb8 31.Nd4 Rcxb2 32.Rxb2 Rxb2 33.Nxe6+ Kf7 34.Ng5+ Ke7 35.Ra1 Rb5
36.Nf3 Ra5 37.Kg1 Nd5 38.Nd4 Kd6 39.Kf2 Nc3 40.a3 Kd5 41.Nb3 Ra4 42.Nd2 Kd4
43.Nf3+  1/2-1/2

[Event "Politiken Cup"]
[Site "Copenhagen"]
[Date "1998.07.14"]
[Round "10"]
[White "Nielsen, Morten"]
[Black "Mortensen, Erling"]
[Result "0-1"]
[WhiteElo "2150"]
[BlackElo "2510"]

1.e4 c5 2.Nf3 Nc6 3.d4 cxd4 4.Nxd4 Qc7 5.Nc3 e6 6.Be3 a6 7.g3 Nf6 8.Bg2 Bb4
9.Ne2 O-O 10.O-O Be7 11.Nd4 d6 12.f4 Bd7 13.Qe2 b5 14.a3 Rac8 15.f5 Rfe8
16.h3 Ne5 17.g4 h6 18.Nd1 Nc4 19.h4 e5 20.Nb3 Nxe3 21.Nxe3 Bc6 22.g5 hxg5
23.hxg5 Nxe4 24.Bxe4 Bxe4 25.Qg4 d5 26.f6 Qa7 27.Qg3 Rxc2 28.Rf2 Rxf2 29.Kxf2 Bd8
30.Ke2 d4 31.Ng4 d3+ 32.Kd2 Ba5+ 33.Nxa5 Qc7 34.Rc1 Qxa5+ 35.Rc3 b4 36.fxg7 bxc3+
37.bxc3 Kxg7 38.Nf6 Qa4 39.Nxe8+ Qxe8 40.Qh4 Bg6  0-1

[Event "RUS-ch51"]
[Site "St Petersburg"]
[Date "1998.07.29"]
[Round "2"]
[White "Korneev, Oleg"]
[Black "Poluljahov, Aleksandr"]
[Result "1/2-1/2"]
[WhiteElo "2600"]
[BlackElo "2530"]

1.e4 c5 2.Nf3 Nc6 3.d4 cxd4 4.Nxd4 Qc7 5.Nc3 e6 6.Be3 a6 7.Bd3 b5 8.O-O Bb7
9.Qe2 Nf6 10.Kh1 b4 11.Na4 d5 12.Nxc6 dxe4 13.Nd4 exd3 14.cxd3 Be7 15.Rac1 Qa5
16.b3 O-O 17.Nc6 Bxc6 18.Rxc6 Qf5 19.Rfc1 Nd5 20.Nb6 Rad8 21.Nxd5 Rxd5 22.Rxa6 Rxd3
23.Qf3 Rfd8 24.h3 Qxf3  1/2-1/2